Conciliaȯ̂ Judicial Individual e Coletiva e Formas Extrajudiciais de Soluȯ̂ dos Conflitos Trabalhistas

Bibliographic Details
Main Author: Campos de Souza Freire Pimenta, Adriana
Other Authors: Pellegrina Lockmann, Ana Paula
Format: eBook
Language:Portuguese
Published: San Pablo: LTR Editora, 2014
Subjects:
Online Access:Acceso restringido

MARC

LEADER 00000nam a22000007a 4500
005 20141010013523.0
007 cr|||| ||||
008 141010s2014 br |||||s|||| 00||0 por d
020 |a 978-85-361-3115-3 
035 |a 12452 
040 |a vLex 
090 |c 5218  |d 5218 
100 1 |a Campos de Souza Freire Pimenta, Adriana 
245 1 0 |a Conciliaȯ̂ Judicial Individual e Coletiva e Formas Extrajudiciais de Soluȯ̂ dos Conflitos Trabalhistas  |h [Recurso electrn̤ico] /  |c Adriana Campos de Souza Freire Pimenta, Ana Paula Pellegrina Lockmann 
256 |a Servicio en ln̕ea 
260 |a San Pablo:  |b LTR Editora,  |c 2014 
300 |a 1 recurso electrn̤ico 
506 1 |a Disponible solo en los productos indicados  |d vLex Global  |d vLex Global (Academic Edition, excluding Law Schools)  |d vLex Global (U.S. Academic Edition, Law Schools)  |d vLex Global (U.S. Academic Edition, excluding Law Schools)  |d vLex Global (Academic Edition, Law Schools) 
650 0 4 |a Derecho Laboral y Seguridad Social  |z Brasil 
650 0 4 |a Procedimiento Laboral  |z Brasil 
700 1 |a Pellegrina Lockmann, Ana Paula 
740 0 |a vLex Libros (Servicio en ln̕ea) 
856 4 0 |u http://vlex.com/source/concilia-o-judicial-individual-coletiva-12452  |z Acceso restringido 
942 |c BOOK 
999 0 |a Labor Law and Social Security 
999 0 |a Labour Procedure